[Event "17th Aeroflot Open-A 2019"]
[Site "Moscow"]
[Date "2019.02.25"]
[Round "7.36"]
[White "Aravindh, Chithambaram VR."]
[Black "Zhu, Jiner"]
[Result "1-0"]
[WhiteElo "2601"]
[BlackElo "2442"]
[Annotator "TA"]
[PlyCount "213"]
[EventDate "2019.02.19"]
[EventCountry "RUS"]
[SourceTitle "playchess.com"]
[Source "ChessBase"]
[SourceQuality "1"]

{[%evp 21,213,62,88,83,115,97,127,101,108,98,134,135,222,150,153,108,116,79,79,29,141,8,11,0,136,129,140,131,166,171,259,0,107,0,258,10,18,0,0,0,0,0,0,0,0,0,0,0,0,0,0,0,0,0,34,25,55,43,64,0,54,47,47,47,47,47,47,47,47,47,57,57,55,50,72,72,70,77,79,63,62,48,80,52,59,45,59,54,47,39,59,33,59,59,59,30,30,30,30,31,47,72,66,54,88,88,98,97,87,25,48,19,19,14,23,22,18,0,0,0,3,3,3,0,31,27,31,28,93,100,112,91,166,14,18,0,169,170,243,250,475,475,770,735,545,347,521,341,393,384,358,307,292,292,290,282,278,268,411,393,866,345,684,328,542,524,504,461,670,670,662,652,1182,1281,1191,1143,1055,943,1108,614,601,600,600,549,29966,29970,29977,29977,29978,29979,29979,29980,29981,29975]} 1. Nf3 Nf6 2. c4 e6 3. Nc3 d5 4. e3 dxc4 5. Bxc4 c5 6. d4 Nc6 7. O-O cxd4 8. exd4 Be7 9. Qe2 O-O 10. Rd1 Nb4 11. Ne5 Nbd5 12. Rd3 {D26: Queen's Gambit Accepted: 4 e3 e6 5 Bxc5 c5 sidelines} (12. Bg5 Nxc3 13. bxc3 Nd5 14. Bd2 Bg5 15. Bb3 Bxd2 16. Qxd2 Qf6 17. c4 Nf4 18. Qe3 Ng6 19. g3 Rd8 {1-0 (44) Gurevich,D (2635)-Schwartzman,G (2605) Las Vegas 1997}) 12... Bd7 13. Rg3 Kh8 14. Rh3 {White is better.} Be8 15. Bd3 $146 ({Predecessor:} 15. Bg5 Rc8 16. Nxd5 exd5 17. Bd3 g6 18. Qe3 Qd6 19. Ng4 Ne4 20. Bxe4 dxe4 21. Bf6+ {1-0 (21) Farago,I (2440)-Hohler,P (2240) Pecs 1997}) 15... g6 16. Bh6 Rg8 (16... Kg8 $16 17. Qd2 (17. Bxf8 Nf4 $11) 17... Rc8) 17. Qf3 a6 18. Re1 Rc8 19. Nxd5 Qxd5 20. Qe3 Qd8 (20... Rd8 $11 {keeps the balance.}) 21. Bg5 ({White must play} 21. Qf4 $16) 21... Rg7 $1 $11 22. Bh6 $36 {[%mdl 2048] White has good play.} (22. Qf3 $11) 22... Rg8 $16 23. Qf4 Rc7 24. g4 Bd6 25. Bg5 Be7 (25... Nd5 $142 26. Bxd8 Nxf4) 26. Bh6 (26. Rf3 $1 $18 {and the rest is easy.}) 26... Bd6 $1 27. Bg5 $2 (27. Bc4 $1 $16) 27... Be7 $1 $18 {[#]} 28. Qf3 $2 (28. Rf3 $1 $18) 28... Rg7 $1 $11 29. Bh6 Qxd4 30. Bxg7+ Kxg7 31. g5 Nd5 32. Nxf7 {Threatens to win with Re4.} Nf4 ({Don't go for} 32... Bxf7 $2 33. Re4 $18) 33. Rh4 e5 $1 34. Nxe5 ({Avoid the trap} 34. Rxe5 $2 Rc1+ 35. Bf1 Qc4 $19) 34... Ne2+ $1 {[%mdl 64] Discovered Attack} 35. Qxe2 Qxh4 36. Nf3 Qg4+ 37. Kh1 Bd6 38. Be4 Qf4 39. Qd3 Bf7 40. Bd5 ({White should try} 40. b3 $14) 40... Bxd5 (40... Rc2 $11) 41. Qxd5 $14 Rf7 42. Re3 b6 43. Kg2 Bc5 44. Qe5+ Qxe5 45. Rxe5 {[%mdl 4096] Endgame KRB-KRN} h6 46. gxh6+ Kxh6 47. Re2 Rd7 48. Nd2 Kg7 49. Ne4 Be7 50. Rc2 a5 51. Kf3 Rd5 52. Ke3 Kf7 53. f3 b5 54. Rd2 Rh5 55. Rg2 Rd5 56. Rc2 Ke6 57. Rc6+ Kf7 $1 58. Nf2 Re5+ 59. Kd3 Rd5+ 60. Ke2 Bg5 {With the idea ...Rd2+.} 61. Nd3 Be7 62. f4 Bd6 63. Ke3 Ke7 64. Ke4 Rh5 65. Rc2 (65. Rb6 $16) 65... Kf6 66. Rd2 Rh4 67. Rg2 b4 68. b3 Bb8 69. Kf3 Rh3+ 70. Ke2 Rh4 71. Ke3 Rh3+ 72. Ke4 Rh4 73. h3 Rxh3 74. Rc2 Bd6 (74... Ke7 $11) 75. Rc6 $16 Ke7 76. Ra6 Bc7 (76... Rh5 $16 {was worth a try.}) 77. Ra7 $2 (77. Rxg6 $18 {Black must now prevent Rg7+.} Rh7 78. Rg5) 77... Kd6 $11 {Strongly threatening ...Bb6.} 78. Ra6+ $2 (78. Ne5 $11) 78... Ke7 $18 79. Rxg6 Rh2 (79... Rh4 {was called for.} 80. Rg5 Kd7 81. Rg7+ Kc6 82. Rg6+ Kd7 83. Nc5+ Ke7) 80. Rg7+ Kd6 $2 {[#]} (80... Kd8 {is a better defense.} 81. Nc5 Rh6) 81. Ne5 $1 Bb8 (81... Re2+ $142 82. Kd3 Rxa2 83. Rd7+ Ke6) 82. Rd7+ Kc5 83. Rd5+ Kb6 84. Nc4+ Kc6 85. Nxa5+ Kc7 86. Rb5 Re2+ 87. Kf5 Rxa2 88. Nc4 Ba7 89. Ne5 Kd6 (89... Rd2 {keeps fighting.} 90. Rxb4 Bf2 91. Rc4+ Kd6) 90. Rxb4 Bc5 $2 (90... Be3 91. Rb7 Ra1) 91. Rb5 $2 (91. Rb7 {[%csl Ge5][%cal Rb7d7]} Ra7 92. Rxa7 Bxa7 93. Nf7+ Kc5 94. Ke6) 91... Bd4 $2 (91... Be3 92. Rb7 Bf2) 92. Ke4 (92. Rb7 $142) 92... Bc3 $2 (92... Bf2 93. Rd5+ Kc7) 93. Rb6+ Ke7 94. Kf5 Rf2 (94... Rh2 $142 95. Ke4 Bxe5) 95. Rb7+ Kd8 96. Ke6 {Intending Nf7+ and mate.} Kc8 97. Rb5 Bd2 98. f5 Bg5 99. Nf7 Bh4 100. Rb4 Re2+ 101. Kd5 Be7 102. Re4 Rxe4 103. Kxe4 {White mates.} Bb4 104. Kd5 Kd7 105. f6 Bc3 106. Ne5+ Ke8 107. Ke4 {Accuracy: White = 55%, Black = 49%.} 1-0

[Event "17th Aeroflot Open-A 2019"]
[Site "Moscow"]
[Date "2019.02.25"]
[Round "7.37"]
[White "Moroni, Luca Jr"]
[Black "Iniyan, P."]
[Result "0-1"]
[WhiteElo "2567"]
[BlackElo "2480"]
[Annotator "TA"]
[PlyCount "120"]
[EventDate "2019.02.19"]
[EventCountry "RUS"]
[SourceTitle "playchess.com"]
[Source "ChessBase"]
[SourceQuality "1"]

{[%evp 26,120,39,33,45,47,60,59,54,13,77,97,111,65,93,80,93,100,91,92,120,86,90,56,71,47,49,27,39,0,45,2,27,0,0,0,0,0,0,-18,-23,-72,-67,-143,-134,-129,-116,-481,-468,-418,-286,-326,-326,-283,-332,-281,-258,-820,-777,-845,-840,-804,-774,-1352,-1246,-1210,-1172,-1128,-1112,-975,-979,-1581,-829,-29972,-29973,-29971,-29972,-29972,-29970,-29968,-29970,-3045,-1238,-29983,-29984,-29984,-29985,-29985,-29986,-29983,-29977,-29972,-29974,-29969,-29966,-29990,-29991]} 1. d4 Nf6 2. c4 g6 3. g3 Bg7 4. Bg2 O-O 5. Nc3 d6 6. Nf3 Nbd7 7. O-O e5 8. e4 exd4 9. Nxd4 Re8 10. h3 Nc5 11. Re1 Bd7 12. Kh2 h6 13. Rb1 a5 14. Ndb5 {LiveBook: 5 Games. E68: King's Indian: Fianchetto: 6...Nbd7 7 0-0 e5 8 e4} Bxb5 15. cxb5 {[#]} a4 $146 ({Predecessor:} 15... Nfd7 16. f4 h5 17. Qc2 c6 18. bxc6 bxc6 19. Be3 Qc7 20. Rbd1 Rab8 21. Qf2 Ne6 {1-0 (71) Anwesh,U (2432)-Ganguly,S (2643) Dubai 2011}) 16. Qc2 {White is slightly better.} Nfd7 17. Be3 c6 (17... h5 $1 $11) 18. Rbd1 $16 Qc7 19. a3 Kh7 20. Bd4 Bxd4 21. Rxd4 Nb6 22. Red1 Re6 23. bxc6 bxc6 24. f4 Rae8 25. h4 h5 26. Bh3 R6e7 27. Bg2 Re6 28. Qf2 Nbd7 {[%cal Bb6d7,Bd7f6,Bf6g4][%mdl 32]} 29. Kh1 (29. Nxa4 Nf6 $17) 29... Nf6 {[%cal Rf6e4]} 30. f5 $1 {[%cal Rf5e6]} Ng4 ({Reject} 30... Nfxe4 $6 31. Nxe4 Rxe4 32. fxg6+ (32. Rxd6 Re1+ 33. Rxe1 Rxe1+ 34. Qxe1 Qxd6 $16) (32. Bxe4 Nxe4 33. Qf4 Qe7 $16) 32... fxg6 33. Bxe4 $16 (33. Rxd6 Re1+ 34. Rxe1 Rxe1+ 35. Qxe1 Qxd6 $16)) 31. Qf4 gxf5 32. Rxd6 Rxd6 33. Rxd6 Re5 $36 {[%mdl 2048] Black is pushing.} 34. Rd1 (34. Rd2 $1 $15) 34... Ne6 {[%cal Bc5e6,Be6d4,Bd4f3][%mdl 32]} 35. Qf3 Kg7 {Strongly threatening ...fxe4.} 36. Rf1 $2 {[%mdl 8192]} ({Avoid the trap} 36. exf5 $2 Rxf5 $1 {[%mdl 512]} 37. Qxf5 Qxg3 $19) (36. Bh3 $17 {is more resistant.}) 36... fxe4 $19 37. Qe2 f5 38. Bh3 Nd4 39. Qd2 Nf3 40. Qf4 Re7 41. Rxf3 $2 (41. Qxc7 Rxc7 42. Bg2) 41... exf3 42. Qg5+ {[#]} Kf8 $1 ({Not} 42... Kh8 43. Qxh5+ Kg8 44. Qg6+ Kh8 45. Qh5+ Kg8 46. Qg6+ Kh8 47. Qh5+ $11) 43. Qxf5+ Rf7 44. Qxh5 Nf2+ 45. Kh2 Nxh3 46. Qh6+ Ke8 {Threatens to win with ...f2.} 47. Qe6+ Kd8 48. Qxh3 {[%mdl 4096] Endgame KQR-KQN} Qb6 {( -> ...Qf2+)} 49. Qe6 Qxb2+ 50. Kh3 Qg2+ 51. Kg4 Rg7+ 52. Kh5 Qxg3 53. Qf6+ Re7 (53... Kc7 $142 54. Nd5+ Kb7 55. Qb2+ Kc8 56. Nb6+ Kd8 57. Qf6+ Kc7 58. Na8+ Kb7 59. Qb2+ Ka7 60. Qb6+ Kxa8 61. Qxc6+ Kb8 62. Qb6+ Kc8 63. Qe6+ Rd7 64. Qc6+ Kd8 65. Qf6+ Kc7) 54. Qf8+ Kd7 {Black mates.} 55. Qf5+ Ke8 56. Qc8+ Kf7 {[%csl Gf7][%cal Rg3g6]} 57. Qf5+ Kg7 58. Ne4 Qe5 59. Ng5 Qf6 60. Qd3 f2 {Precision: White = 35%, Black = 62%.} 0-1

[Event "17th Aeroflot Open-A 2019"]
[Site "Moscow"]
[Date "2019.02.25"]
[Round "7.38"]
[White "Raja Rithvik R"]
[Black "Lalith Babu M R"]
[Result "1/2-1/2"]
[WhiteElo "2443"]
[BlackElo "2556"]
[Annotator "TA"]
[PlyCount "99"]
[EventDate "2019.02.19"]
[EventCountry "RUS"]
[SourceTitle "playchess.com"]
[Source "ChessBase"]
[SourceQuality "1"]

{[%evp 24,99,45,41,31,41,34,37,60,66,90,88,106,85,84,98,81,11,26,39,49,49,47,39,38,38,46,37,74,58,64,39,390,411,408,385,379,388,382,229,475,276,277,247,714,0,56,54,54,54,54,54,54,54,54,54,80,80,80,28,80,80,80,53,80,54,54,54,80,80,80,0,18,0,79,0,18,0]} 1. d4 Nf6 2. c4 g6 3. g3 Bg7 4. Bg2 O-O 5. Nf3 d6 6. Nc3 Nbd7 7. O-O e5 8. e4 exd4 9. Nxd4 Re8 10. h3 Nc5 11. Re1 Bd7 12. Kh2 h6 13. Rb1 a6 {E68: King's Indian: Fianchetto: 6...Nbd7 7 0-0 e5 8 e4} 14. b4 Ne6 {[#] ...Nxd4 is the strong threat.} 15. Be3 Ng5 {[%cal Rg5e4] White is slightly better.} 16. f3 {[#]} c5 $146 ({Predecessor:} 16... Qc8 17. h4 Ngh7 18. Qd2 g5 19. g4 Qd8 20. Nf5 Bxf5 21. exf5 {0-1 (45) Prohaszka,P (2613)-Karthik,V (2515) Burlingame 2019}) 17. bxc5 dxc5 18. Nb3 Ng4+ 19. hxg4 Bxc3 20. Re2 (20. Nxc5 $16 {And now Bxg5 would win.} Bc6 21. Qxd8 (21. Nxb7 Bxb7 22. Rxb7 Qc8 $15) 21... Raxd8 22. Re2) 20... b6 $11 21. Rc2 Bg7 22. Rd2 Ra7 23. Nxc5 bxc5 24. Bxc5 Rc7 25. Bb6 $36 {[%mdl 2048] aiming for c5. White is pushing.} Re7 26. f4 {Strongly threatening e5.} (26. c5 $5 {[%cal Rc5c6]} Qc8 27. Bxc7 Qxc7 28. f4 $14) 26... Ne6 27. e5 Qc8 $2 {[%mdl 8192]} (27... Qe8 $1 $14) 28. Bxc7 $18 Nxc7 29. Rdb2 {Black must now prevent Rb8.} Ne8 30. Rb8 Qxc4 31. R8b7 (31. R1b7 $142 Ba4 32. Bd5 Bxd1 33. Bxc4) 31... Qxa2 $2 (31... Bxg4 {is a better defense.} 32. Qxg4 (32. Rxe7 Bxd1 33. Rxe8+ Kh7 $14) 32... Rxb7 33. Rxb7 Bxe5) 32. R1b2 (32. Rxd7 $142 Qxb1 33. Qxb1 Rxd7 34. Qb8) 32... Qa3 {[#]} (32... Qe6 $2 33. R2b6 $18) 33. R2b3 $1 {[%cal Rb3a3]} ({Weaker is} 33. Rxd7 Rxd7 34. Qxd7 Qxb2 $16) 33... Qa2 $2 (33... Qa4) 34. Rb2 $2 (34. Rxd7 $18 Rxd7 35. Qxd7 Qxb3 36. Bd5 (36. Qxe8+ Bf8 $11) 36... Qxd5 37. Qxd5) 34... Qa3 $1 $14 ({But not} 34... Qe6 $2 35. R2b6 $18) 35. Rxd7 Rxd7 36. Qxd7 Qxb2 37. Qxe8+ Bf8 38. e6 Qf6 39. exf7+ Qxf7 40. Qc6 {Hoping for Bd5.} Kg7 41. Qxa6 (41. Bf1 $16) 41... Qf6 (41... g5 $1 $11) 42. Qb7+ Qe7 43. Qc6 Qf6 44. Qc4 g5 45. f5 Qe5 46. Qd3 Bd6 47. Qb3 (47. Kh3 $16) 47... Kf6 48. Kh3 Bc7 (48... h5 $1 $11 {keeps the balance.}) 49. Kh2 (49. Qd3 $16) 49... Bd6 $11 50. Kh3 {Accuracy: White = 52%, Black = 38%.} 1/2-1/2

[Event "17th Aeroflot Open-A 2019"]
[Site "Moscow"]
[Date "2019.02.25"]
[Round "7.39"]
[White "Tsydypov, Zhamsaran"]
[Black "Prithu Gupta"]
[Result "1/2-1/2"]
[WhiteElo "2547"]
[BlackElo "2470"]
[Annotator "TA"]
[PlyCount "149"]
[EventDate "2019.02.19"]
[EventCountry "RUS"]
[SourceTitle "playchess.com"]
[Source "ChessBase"]
[SourceQuality "1"]

{[%evp 14,149,0,0,3,0,8,0,19,0,47,0,11,0,10,-12,0,-7,0,0,0,0,0,0,5,-13,0,0,0,0,0,0,19,0,12,15,2,8,32,21,56,56,78,74,87,106,141,102,112,122,114,118,121,121,128,128,116,121,245,238,237,219,226,204,200,158,158,158,158,158,166,158,158,158,158,158,158,158,158,158,342,342,342,342,342,342,342,327,277,147,147,0,264,252,500,500,544,393,962,962,963,963,963,210,963,963,950,954,887,845,816,788,777,601,1417,1110,1336,1110,1375,14,14,0,1314,788,781,699,561,0,0,0,0,0,0,0,0,0,0,0]} 1. e4 e5 2. Nf3 Nc6 3. d4 exd4 4. Nxd4 Bc5 5. Nb3 Bb6 6. Nc3 Nf6 7. Bg5 h6 8. Bh4 d6 {C45: Scotch Game} 9. Qe2 (9. f3 g5 10. Bg3 Qe7 11. Qd2 Bd7 12. h4 Rg8 13. O-O-O O-O-O 14. hxg5 hxg5 15. Rh6 Be6 16. Bb5 Bxb3 17. axb3 {1-0 (41) Navara,D (2726)-Malakhov,V (2691) Antalya 2017}) 9... g5 10. Bg3 Qe7 11. O-O-O a6 12. f3 Be6 13. Bf2 Nd7 14. Nd4 $146 ({Predecessor:} 14. Na4 Bxf2 15. Qxf2 O-O-O 16. Nd4 {0-1 (74) Montufar Berrios,L (1943)-Sztokbant,B (2172) Brasilia 2017}) 14... Nxd4 15. Bxd4 Rg8 16. Qd2 O-O-O 17. Be2 Kb8 18. Rhe1 f6 19. Bf1 Qf7 20. Bxb6 Nxb6 21. b3 f5 22. Qd4 Qg7 23. e5 {[%cal Re5d6]} d5 24. Qb4 Qf8 25. a3 f4 26. Ne2 Qxb4 27. axb4 c6 28. g3 Rgf8 29. gxf4 g4 30. fxg4 Bxg4 31. Rd4 $1 Na8 32. h3 $1 {[%cal Rh3g4]} Bxe2 33. Bxe2 {aiming for Bh5.} Nc7 34. Bg4 h5 35. e6 {Black must now prevent e7.} hxg4 (35... Rde8 $16 {was necessary.}) 36. e7 $18 {[%mdl 64] Double Attack} gxh3 37. f5 ({Don't play} 37. exd8=B $6 Rxd8 38. Rd3 Rh8) 37... Rde8 38. exf8=Q Rxf8 {[%mdl 4096] Endgame KRR-KRN} 39. Rf4 Nb5 40. f6 Nd6 41. Rh1 Ne4 42. f7 Nd6 43. Rxh3 Rxf7 44. Rxf7 Nxf7 $16 {KR-KN} 45. Rh7 Nd6 46. Kd2 d4 $2 (46... Nb5 $16 47. c4 dxc4 48. bxc4 Nd6) 47. Kd3 $18 Nb5 48. Rh2 Ka7 49. Kc4 Kb6 50. Rg2 Kc7 51. Rg7+ (51. Rf2 $18) 51... Kb6 $16 52. Rg2 (52. Rd7 $16) 52... Kc7 $18 53. Kc5 b6+ $2 (53... d3 54. Rg7+ (54. cxd3 b6+ 55. Kc4 Kc8 $18) 54... Kb8) 54. Kc4 Kc8 55. Kd3 Kb8 $2 (55... Kc7 56. Rg7+ Kc8) 56. Ke4 Kc8 57. Ke5 Kb8 58. Ke6 $2 (58. Rg8+ Kc7 59. Rg7+ Kb8 60. Rf7) 58... Kc8 $2 (58... a5 59. bxa5 bxa5) 59. Rg8+ Kc7 60. Rg7+ Kc8 61. Rh7 Kb8 62. Kd7 Kb7 63. Rh6 Na7 64. Rg6 a5 65. bxa5 bxa5 {[#]} 66. Rg4 $2 (66. Rd6 $1 $18 {[%cal Rd6d4]} c5 67. Re6) 66... Nb5 $1 $11 67. Rg6 $2 {[%mdl 8192]} (67. Rg1 $11) 67... Na7 $18 {[#]} 68. Rd6 $1 {[%cal Rd6d4]} c5 69. Rd5 Kb6 {If Black can now play ...Nb5 this consolidates a bit.} 70. Rd6+ $2 (70. Rh5 $18) 70... Kb5 {The position is equal.} 71. Kc7 {[%csl Gc7][%cal Rd6b6]} Kb4 {...Nb5+ is the strong threat.} 72. Kb7 Nb5 73. Rb6 Kc3 {And now ...Na3 would win.} 74. Rxb5 {[%mdl 64] Double Attack} Kxc2 75. Rxc5+ {Accuracy: White = 66%, Black = 44%.} 1/2-1/2

[Event "17th Aeroflot Open-A 2019"]
[Site "Moscow"]
[Date "2019.02.25"]
[Round "7.40"]
[White "Kevlishvili, Robby"]
[Black "Ghaem Maghami, Ehsan"]
[Result "1/2-1/2"]
[WhiteElo "2463"]
[BlackElo "2540"]
[Annotator "TA"]
[PlyCount "49"]
[EventDate "2019.02.19"]
[EventCountry "RUS"]
[SourceTitle "playchess.com"]
[Source "ChessBase"]
[SourceQuality "1"]

{[%evp 25,49,-4,-10,-11,-17,-22,-6,-15,33,-33,-29,-31,-29,-20,-34,-32,-29,-36,-27,-21,-12,-20,-14,-12,-27,-17]} 1. e4 c5 2. Nf3 d6 3. d4 cxd4 4. Nxd4 Nf6 5. Nc3 a6 6. Be3 e5 7. Nf3 Be7 8. Bc4 O-O 9. O-O Qc7 10. Bb3 Be6 11. Qe2 {B90: Sicilian Najdorf: Unusual White 6th moves, 6 Be3 Ng4 and 6 Be3 e5} Rc8 12. Rfd1 b5 13. Rac1 Nbd7 {[#] LiveBook: 7 Games} 14. Nh4 $146 ({Predecessor:} 14. Bg5 h6 15. Bxf6 Nxf6 16. a3 Rab8 17. Nd5 Bxd5 18. Bxd5 Nxd5 19. Rxd5 {0-1 (34) Berelowitsch,A (2574)-Areshchenko,A (2664) Germany 2011}) 14... g6 15. Bg5 Nb6 16. Nf3 b4 (16... Rab8 {looks sharper.} 17. Qe3 b4 18. Na4 Nxa4 19. Bxa4 Qb6) 17. Bxf6 (17. Bxe6 $14 fxe6 18. Nb1) 17... bxc3 $15 18. Bxe7 cxb2 19. Rb1 {[%cal Bc1b1,Bb1b2,Bb2b6,Bb6d6][%mdl 32]} Qxe7 20. Rxb2 {[#] Hoping for Bxe6.} Nc4 21. Bxc4 Rxc4 22. Rb6 Rac8 23. Rbxd6 Rxc2 24. Qxa6 Rxa2 25. Qb6 {Precision: White = 57%, Black = 52%.} 1/2-1/2

[Event "17th Aeroflot Open-A 2019"]
[Site "Moscow"]
[Date "2019.02.26"]
[Round "8.1"]
[White "Sasikiran, Krishnan"]
[Black "Kulaots, Kaido"]
[Result "1/2-1/2"]
[WhiteElo "2678"]
[BlackElo "2542"]
[Annotator "TA"]
[PlyCount "91"]
[EventDate "2019.02.19"]
[EventCountry "RUS"]
[SourceTitle "playchess.com"]
[Source "ChessBase"]
[SourceQuality "1"]

{[%evp 33,91,16,10,7,16,16,32,35,25,12,8,16,12,8,11,0,5,0,4,0,0,0,0,0,0,0,0,0,17,0,0,0,24,0,0,0,0,0,0,-22,0,0,0,0,0,0,0,0,0,0,0,0,0,0,0,0,0,0,0,-12]} 1. e4 c5 2. Nf3 d6 3. d4 cxd4 4. Nxd4 Nf6 5. Nc3 a6 6. Be3 Ng4 7. Bg5 h6 8. Bh4 g5 9. Bg3 Bg7 10. Be2 h5 11. h4 Nc6 12. Nb3 gxh4 13. Bxh4 Be6 14. Qd2 {B90: Sicilian Najdorf: Unusual White 6th moves, 6 Be3 Ng4 and 6 Be3 e5} Rc8 (14... Qb6 15. Nd5 Bxd5 16. exd5 Nce5 17. Qa5 Qa7 18. c3 Ng6 19. Bg3 Be5 20. Bxg4 Bxg3 21. fxg3 hxg4 22. Rxh8+ Nxh8 {1-0 (32) Perunovic,M (2616)-Volokitin,A (2668) Calimanesti Caciulata 2016}) 15. f3 Bh6 16. Bg5 Bxg5 17. Qxg5 Nf6 {LiveBook: 7 Games} 18. Bf1 Rg8 19. Qd2 Bxb3 20. cxb3 Qa5 21. O-O-O Qg5 22. Kb1 Qxd2 $1 23. Rxd2 Ne5 24. a3 Ng6 {[#]} 25. b4 $146 ({Predecessor:} 25. Nd5 Nxd5 26. exd5 Rh8 27. Bd3 {½-½ (27) Efremov,A (2522)-Verhoef,H (2466) ICCF email 2012}) 25... Nf4 26. Rh4 Ng6 $1 {[%cal Rg6h4]} 27. Rh1 Nf4 28. b5 a5 29. Na4 Rg5 30. Nb6 Rb8 31. Rh4 Ng6 32. Rh1 Nf4 33. Nc4 b6 {The position is equal.} 34. Rh4 Ng6 35. Rh1 Nf4 36. Rc2 d5 37. exd5 N6xd5 38. g4 Kd7 39. gxh5 Nxh5 40. Bd3 Nhf4 41. Be4 e6 $1 42. Rh7 Ke7 43. Rh4 Rc8 44. Nxb6 Nxb6 45. Rxc8 Nxc8 46. Rxf4 {Precision: White = 76%, Black = 76%.} 1/2-1/2

[Event "17th Aeroflot Open-A 2019"]
[Site "Moscow"]
[Date "2019.02.26"]
[Round "8.2"]
[White "Martirosyan, Haik M."]
[Black "Sarana, Alexey"]
[Result "1/2-1/2"]
[WhiteElo "2616"]
[BlackElo "2630"]
[Annotator "RC"]
[PlyCount "62"]
[EventDate "2019.02.19"]
[EventCountry "RUS"]
[SourceTitle "playchess.com"]
[Source "ChessBase"]
[SourceQuality "1"]
[TimeControl "40/5400+30:1800+30"]

1. e4 {[%emt 0:00:00]} c5 {[%emt 0:00:00]} 2. Nf3 {[%emt 0:00:00]} d6 {[%emt 0:00:00]} 3. Bb5+ {[%emt 0:00:00]} Nd7 {[%emt 0:00:00]} 4. c3 {[%emt 0:00:17]} Ngf6 {[%emt 0:00:11]} 5. Bd3 {[%emt 0:00:42]} e6 {[%emt 0:01:24]} 6. Bc2 {[%emt 0:00:40]} b5 {[%emt 0:10:26]} 7. O-O {[%emt 0:07:26]} Bb7 {[%emt 0:00:24]} 8. Re1 {[%emt 0:00:51]} c4 {[%emt 0:02:05]} 9. d4 {[%emt 0:08:22]} cxd3 {[%emt 0:01:41]} 10. Qxd3 {[%emt 0:01:24]} a6 {[%emt 0:00:15]} 11. Qe2 {[%emt 0:01:14]} Be7 {[%emt 0:00:33]} 12. Nbd2 {[%emt 0:05:23]} O-O {[%emt 0:03:58]} 13. Nb3 {[%emt 0:01:55]} Qc7 {[%emt 0:06:16]} 14. a4 {[%emt 0:06:11]} Rfb8 {[%emt 0:06:36]} 15. Bg5 {[%emt 0:07:23]} h6 {[%emt 0:05:23]} 16. Bh4 {[%emt 0:00:12]} e5 {[%emt 0:02:40]} 17. axb5 {[%emt 0:15:59]} axb5 {[%emt 0:00:02]} 18. Bd3 {[%emt 0:00:35]} Ra4 {[%emt 0:07:57]} 19. Nbd2 {[%emt 0:05:03]} Bc6 {[%emt 0:00:45]} 20. b4 {[%emt 0:01:49]} Rxa1 {[%emt 0:05:09]} 21. Rxa1 {[%emt 0:00:02]} d5 {[%emt 0:02:46]} 22. Rd1 {[%emt 0:13:14]} dxe4 {[%emt 0:03:11]} 23. Nxe4 {[%emt 0:00:08]} Bxe4 {[%emt 0:02:54]} 24. Bxe4 {[%emt 0:00:07]} Nxe4 {[%emt 0:00:04]} 25. Qxe4 {[%emt 0:00:51]} Bxh4 {[%emt 0:00:05]} 26. Nxh4 {[%emt 0:00:28]} Nf6 {[%emt 0:02:37]} 27. Qe3 {[%emt 0:04:14]} Rc8 {[%emt 0:07:37]} 28. Nf5 {[%emt 0:00:57]} Kh7 {[%emt 0:00:49]} 29. Qg3 {[%emt 0:09:52]} g6 {[%emt 0:01:06]} 30. Qh4 {[%emt 0:00:46]} Nh5 {[%emt 0:01:28]} 31. Ne7 {[%emt 0:02:59]} Qc4 {[%emt 0:15:27]} 1/2-1/2

[Event "17th Aeroflot Open-A 2019"]
[Site "Moscow"]
[Date "2019.02.26"]
[Round "8.3"]
[White "Tabatabaei, M.amin"]
[Black "Petrosian, Tigran L."]
[Result "1/2-1/2"]
[WhiteElo "2590"]
[BlackElo "2595"]
[Annotator "RC"]
[PlyCount "82"]
[EventDate "2019.02.19"]
[EventCountry "RUS"]
[SourceTitle "playchess.com"]
[Source "ChessBase"]
[SourceQuality "1"]
[TimeControl "40/5400+30:1800+30"]

1. d4 {[%emt 0:02:15]} d5 {[%emt 0:02:04]} 2. c4 {[%emt 0:00:09]} e6 {[%emt 0:00:20]} 3. Nc3 {[%emt 0:00:10]} Be7 {[%emt 0:00:07]} 4. Nf3 {[%emt 0:00:08]} Nf6 {[%emt 0:00:07]} 5. Bf4 {[%emt 0:00:04]} O-O {[%emt 0:00:13]} 6. e3 {[%emt 0:00:04]} Nbd7 {[%emt 0:17:13]} 7. a3 {[%emt 0:00:36]} dxc4 {[%emt 0:10:40]} 8. Bxc4 {[%emt 0:00:22]} a6 {[%emt 0:05:13]} 9. b4 {[%emt 0:00:31]} a5 {[%emt 0:21:53]} 10. b5 {[%emt 0:09:28]} c5 {[%emt 0:02:15]} 11. bxc6 {[%emt 0:14:08]} bxc6 {[%emt 0:00:04]} 12. O-O {[%emt 0:00:20]} Nd5 {[%emt 0:06:27]} 13. Ne4 {[%emt 0:05:34]} Nxf4 {[%emt 0:03:16]} 14. exf4 {[%emt 0:00:06]} c5 {[%emt 0:00:15]} 15. dxc5 {[%emt 0:10:57]} Nxc5 {[%emt 0:03:24]} 16. Qc2 {[%emt 0:00:32]} Nxe4 {[%emt 0:00:59]} 17. Qxe4 {[%emt 0:00:07]} Ba6 {[%emt 0:00:10]} 18. Rfd1 {[%emt 0:01:28]} Qc8 {[%emt 0:00:26]} 19. Bxa6 {[%emt 0:24:26]} Qxa6 {[%emt 0:03:12]} 20. a4 {[%emt 0:00:13]} Bf6 {[%emt 0:00:17]} 21. Rab1 {[%emt 0:02:22]} Rfc8 {[%emt 0:01:55]} 22. Ne5 {[%emt 0:06:23]} Bxe5 {[%emt 0:00:56]} 23. Qxe5 {[%emt 0:00:06]} Qc4 {[%emt 0:00:42]} 24. Qd4 {[%emt 0:01:19]} Qxd4 {[%emt 0:00:53]} 25. Rxd4 {[%emt 0:00:02]} Rab8 {[%emt 0:00:20]} 26. Rxb8 {[%emt 0:00:37]} Rxb8 {[%emt 0:00:01]} 27. Kf1 {[%emt 0:00:23]} g6 {[%emt 0:01:13]} 28. Rc4 {[%emt 0:00:31]} Rb1+ {[%emt 0:00:07]} 29. Ke2 {[%emt 0:00:06]} Ra1 {[%emt 0:00:16]} 30. g3 {[%emt 0:01:10]} Ra3 {[%emt 0:00:08]} 31. h4 {[%emt 0:00:21]} h5 {[%emt 0:00:06]} 32. Rd4 {[%emt 0:00:32]} Kf8 {[%emt 0:00:06]} 33. Rc4 {[%emt 0:00:37]} Ke7 {[%emt 0:00:03]} 34. Rc7+ {[%emt 0:01:08]} Ke8 {[%emt 0:00:15]} 35. Rc4 {[%emt 0:00:06]} Kd7 {[%emt 0:00:04]} 36. Rd4+ {[%emt 0:00:30]} Ke7 {[%emt 0:02:22]} 37. Kd2 {[%emt 0:01:22]} Kf6 {[%emt 0:01:09]} 38. Ke2 {[%emt 0:02:42]} Kf5 {[%emt 0:00:22]} 39. Kf1 {[%emt 0:00:11]} e5 {[%emt 0:08:58]} 40. Rd5 {[%emt 0:00:00]} Rxa4 {[%emt 0:00:00]} 41. Rxe5+ {[%emt 0:05:39]} Kf6 {[%emt 0:07:08]} 1/2-1/2